Normal view
MARC view
- Eyal, Fabien G.
Entry Personal Name
001 - CONTROL NUMBER
- control field: 126849
003 - CONTROL NUMBER IDENTIFIER
- control field: NUST
005 - DATE AND TIME OF LATEST TRANSACTION
- control field: 20241111101740.0
008 - FIXED-LENGTH DATA ELEMENTS
- fixed length control field: 241111|| aca||aabn | a|a d
040 ## - CATALOGING SOURCE
- Original cataloging agency: NUST
- Transcribing agency: NUST
100 ## - HEADING--PERSONAL NAME
- Personal name: Eyal, Fabien G.
- Fuller form of name: (Fabien Gabriel)
670 ## - SOURCE DATA FOUND
- Source citation: Work cat.: (NUST)0: Gomella's neonatology :
